| 000 | 00499nam a2200157Ia 4500 | ||
|---|---|---|---|
| 003 | SGT | ||
| 020 | _a9788120332003 | ||
| 082 |
_a4.2 _bRAJ |
||
| 100 | _aRajaraman, V. | ||
| 245 | _aComputer organization and architecture | ||
| 260 |
_bPHI Learning Private Limited _aNew Delhi _c2007 |
||
| 300 | _a493p. | ||
| 650 | _aCOMPUTER SCIENCE | ||
| 653 | _aCOMPUTER SYSTEMS A PERSPECTIVE, DATA REPRESENTATION BASICS OF DIGITAL SYSTEMS ARITHMETIC AND LOGIC BASIC COMPUTER ORGANIZATION | ||
| 942 |
_2ddc _cBK _08 |
||
| 999 |
_c5065 _d5065 |
||